Protection Integree en Riziculture Aulac Alaotra Rapport d'Activite

Gespeichert in:
Bibliographische Detailangaben
1. Verfasser: Delucchi, V
Format: Buch
Sprache:Undetermined
Veröffentlicht: Zurich Ambohihitsilaozana 1986
Schlagworte:
Tags: Tag hinzufügen
Keine Tags, Fügen Sie den ersten Tag hinzu!
Thư viện lưu trữ: Trung tâm Học liệu Trường Đại học Cần Thơ
LEADER 00548nam a2200193Ia 4500
001 CTU_138256
008 210402s9999 xx 000 0 und d
082 |a 633.18 
082 |b D331/Vol.1 
100 |a Delucchi, V 
245 0 |a Protection Integree en Riziculture Aulac Alaotra Rapport d'Activite 
245 0 |c V Delucchi 
260 |a Zurich 
260 |b Ambohihitsilaozana 
260 |c 1986 
650 |a Rice,Lúa 
650 |x Planting,Trồng trọt 
904 |i Tuyến 
980 |a Trung tâm Học liệu Trường Đại học Cần Thơ